00412nam a2200193Ia 4500003000400000005001700004008004100021020001800062040000700080041000800087082002000095100001300115245001800128260002000146300001200166365001300178650001900191650000800210OSt20230426113056.0210423s2012 xx 000 0 und d a9789350712139 cAL aeng a346.07 TAXB223 aTAXMANNS aBusiness laws aNew Delhic2012 a781bPB b425cINR aCommercial Law aLaw